[Event "SRB-chT 2nd League"]
[Site "Vrnjacka Banja"]
[Date "2022.11.06"]
[Round "3.3"]
[White "Bokan, Danko"]
[Black "Tancik, Kristijan"]
[Result "1-0"]
[WhiteElo "2116"]
[BlackElo "2265"]
[PlyCount "103"]
[EventDate "2022.11.04"]
[EventType "team-tourn"]
[EventRounds "11"]
[EventCountry "SRB"]
[SourceTitle "CBM 211 Extra"]
[Source "ChessBase"]
[SourceDate "2023.01.31"]
[SourceVersion "1"]
[SourceVersionDate "2023.01.31"]
[SourceQuality "1"]
[WhiteTeam "Pancevo Gligoric"]
[BlackTeam "Pacir Backa"]
[WhiteTeamCountry "SRB"]
[BlackTeamCountry "SRB"]

1. e4 c5 2. Nf3 d6 3. d4 cxd4 4. Nxd4 Nf6 5. Nc3 g6 6. Bc4 Bg7 7. f3 Nc6 8. Be3 0-0 9. Bb3 Qa5 10. Qd2 Nxd4 11. Bxd4 Be6 12. Bxe6 fxe6 13. 0-0-0 b5 14. Kb1 b4 15. Ne2 Qb5 16. h4 a5 17. h5 gxh5 18. Ng3 a4 19. Bxf6 Bxf6 20. Rxh5 Qc4 21. e5 dxe5 22. Qd3 Qxd3 23. Rxd3 Rfd8 24. Rxd8+ Rxd8 25. Kc1 a3 26. Ne4 axb2+ 27. Kxb2 Rd1 28. c3 bxc3+ 29. Kxc3 Rd8 30. a4 Rc8+ 31. Kb3 Rb8+ 32. Ka3 Ra8 33. Rh1 Kg7 34. Kb4 Rb8+ 35. Kc4 Rb2 36. Ra1 Rxg2 37. a5 Rc2+ 38. Kb5 Rc8 39. a6 Kg6 40. a7 Ra8 41. Kb6 h5 42. Kb7 Rxa7+ 43. Kxa7 h4 44. Rh1 Kf5 45. Kb6 Kf4 46. Rh3 Ke3 47. Kc6 Ke2 48. Kd7 Kf1 49. Nxf6 exf6 50. Kxe6 Kg2 51. Rxh4 Kxf3 52. Kf5 1-0

[Event "Vojvodina-chT 21st"]
[Site "Backa Palanka"]
[Date "2021.10.29"]
[Round "10.2"]
[White "Tancik, Kristijan"]
[Black "Benkovic, Petar"]
[Result "0-1"]
[WhiteElo "2283"]
[BlackElo "2399"]
[PlyCount "34"]
[EventDate "2021.10.23"]
[EventType "team-tourn"]
[EventRounds "11"]
[EventCountry "SRB"]
[SourceTitle "CBM 204 Extra"]
[Source "ChessBase"]
[SourceDate "2021.11.30"]
[SourceVersion "1"]
[SourceVersionDate "2021.11.30"]
[SourceQuality "1"]
[WhiteTeam "Backa Pacir"]
[BlackTeam "Nova Pazova Mladost"]
[WhiteTeamCountry "SRB"]
[BlackTeamCountry "SRB"]

1. d4 Nf6 2. c4 e6 3. Nf3 d5 4. g3 Be7 5. Bg2 0-0 6. Nc3 c6 7. 0-0 Nbd7 8. Qd3 b6 9. e4 Ba6 10. b3 b5 11. cxd5 Qa5 12. d6 b4 13. Qe3 Bxf1 14. dxe7 Rfe8 15. Bxf1 bxc3 16. e5 Nd5 17. Bd3 Nxe3 0-1

[Event "Vojvodina-chT 21st"]
[Site "Backa Palanka"]
[Date "2021.10.28"]
[Round "9.2"]
[White "Gagic, Milan A"]
[Black "Tancik, Kristijan"]
[Result "1/2-1/2"]
[WhiteElo "2225"]
[BlackElo "2283"]
[PlyCount "36"]
[EventDate "2021.10.23"]
[EventType "team-tourn"]
[EventRounds "11"]
[EventCountry "SRB"]
[SourceTitle "CBM 204 Extra"]
[Source "ChessBase"]
[SourceDate "2021.11.30"]
[SourceVersion "1"]
[SourceVersionDate "2021.11.30"]
[SourceQuality "1"]
[WhiteTeam "Petrovaradin Kraljica"]
[BlackTeam "Backa Pacir"]
[WhiteTeamCountry "SRB"]
[BlackTeamCountry "SRB"]

1. e4 c5 2. Nf3 e6 3. d4 cxd4 4. Nxd4 Nf6 5. Bd3 Nc6 6. Nxc6 dxc6 7. 0-0 e5 8. Nd2 Bc5 9. Nc4 Qe7 10. Qf3 b5 11. Ne3 0-0 12. a4 Rb8 13. Nf5 Bxf5 14. Qxf5 a6 15. Bg5 h6 16. Bxf6 Qxf6 17. Qxf6 gxf6 18. axb5 axb5 1/2-1/2

[Event "Vojvodina-chT 2nd League"]
[Site "Backa Palanka"]
[Date "2020.10.21"]
[Round "8.2"]
[White "Tancik, Kristijan"]
[Black "Gajin, Nikola"]
[Result "1-0"]
[WhiteElo "2279"]
[BlackElo "2146"]
[PlyCount "35"]
[EventDate "2020.10.16"]
[EventType "team-tourn"]
[EventRounds "11"]
[EventCountry "SRB"]
[SourceTitle "EXT 2022"]
[Source "ChessBase"]
[SourceDate "2021.10.06"]
[SourceVersion "1"]
[SourceVersionDate "2021.10.06"]
[SourceQuality "1"]
[WhiteTeam "Backa Pacir"]
[BlackTeam "Vojka Sremac"]
[WhiteTeamCountry "SRB"]
[BlackTeamCountry "SRB"]

1. d4 Nf6 2. c4 c5 3. d5 b5 4. cxb5 a6 5. Nc3 axb5 6. e4 b4 7. Nb5 d6 8. a4 bxa3 9. Rxa3 Rxa3 10. bxa3 g6 11. Qa4 Bd7 12. Qa7 Bxb5 13. Bxb5+ Nfd7 14. Bb2 f6 15. Nf3 Bg7 16. Ng5 Rg8 17. Ne6 Qb6 18. Qxb6 1-0

[Event "Vojvodina-chT 2nd League"]
[Site "Backa Palanka"]
[Date "2020.10.16"]
[Round "1.2"]
[White "Tancik, Kristijan"]
[Black "Radlovacki, Jovan"]
[Result "1/2-1/2"]
[WhiteElo "2279"]
[BlackElo "2247"]
[PlyCount "84"]
[EventDate "2020.10.16"]
[EventType "team-tourn"]
[EventRounds "11"]
[EventCountry "SRB"]
[SourceTitle "EXT 2022"]
[Source "ChessBase"]
[SourceDate "2021.10.06"]
[SourceVersion "1"]
[SourceVersionDate "2021.10.06"]
[SourceQuality "1"]
[WhiteTeam "Backa Pacir"]
[BlackTeam "Starcevo Borac"]
[WhiteTeamCountry "SRB"]
[BlackTeamCountry "SRB"]

1. d4 d6 2. e4 e5 3. Nf3 Nf6 4. Nc3 Nbd7 5. Bc4 Be7 6. a4 a5 7. 0-0 0-0 8. h3 c6 9. Re1 Qc7 10. Ba2 h6 11. Nh4 Re8 12. Nf5 Bf8 13. Be3 Nb6 14. Qf3 Bxf5 15. Qxf5 Ra6 16. Rad1 Qe7 17. dxe5 dxe5 18. Rd3 Kh8 19. Red1 g6 20. Qf3 Bg7 21. g4 Rf8 22. g5 Ng8 23. h4 f6 24. gxh6 Nxh6 25. Qg3 Qe8 26. Rd8 Qe7 27. Rxf8+ Bxf8 28. Qxg6 Qg7 29. Qxg7+ Kxg7 30. Rd8 Ng4 31. Rb8 Nxe3 32. Rxb7+ Kh6 33. fxe3 Bc5 34. Kf2 Nc8 35. Kf3 Ra7 36. Rxa7 Bxa7 37. Kg4 Nd6 38. Nd1 Kg6 39. h5+ Kg7 40. Kf3 Kh6 41. Kg4 Kg7 42. Kf3 Kh6 1/2-1/2

[Event "Novi Sad TS IM 126th"]
[Site "Novi Sad"]
[Date "2020.02.06"]
[Round "8"]
[White "Tancik, Kristijan"]
[Black "Leskur, Dejan"]
[Result "1/2-1/2"]
[WhiteElo "2266"]
[BlackElo "2304"]
[PlyCount "53"]
[EventDate "2020.02.01"]
[EventType "tourn"]
[EventRounds "9"]
[EventCountry "SRB"]
[SourceTitle "CBM 194 Extra"]
[Source "ChessBase"]
[SourceDate "2020.03.31"]
[SourceVersion "1"]
[SourceVersionDate "2020.03.31"]
[SourceQuality "1"]

1. d4 Nf6 2. c4 c5 3. d5 e6 4. Nc3 exd5 5. cxd5 d6 6. e4 g6 7. f4 Bg7 8. Bb5+ Nfd7 9. Nf3 a6 10. Bd3 b5 11. 0-0 0-0 12. Qe1 c4 13. Bc2 Nc5 14. Qg3 b4 15. Nd1 Re8 16. f5 Nxe4 17. Bxe4 Rxe4 18. Ng5 Bxf5 19. Rxf5 gxf5 20. Nxe4 fxe4 21. Bh6 Qf6 22. Bxg7 Qxg7 23. Qxd6 Qd4+ 24. Kh1 a5 25. Qd8+ Kg7 26. Qg5+ Kh8 27. Qd8+ 1/2-1/2

[Event "Novi Sad TS IM 126th"]
[Site "Novi Sad"]
[Date "2020.02.04"]
[Round "5"]
[White "Tancik, Kristijan"]
[Black "Popchev, Milko"]
[Result "1-0"]
[WhiteElo "2266"]
[BlackElo "2294"]
[PlyCount "95"]
[EventDate "2020.02.01"]
[EventType "tourn"]
[EventRounds "9"]
[EventCountry "SRB"]
[SourceTitle "CBM 194 Extra"]
[Source "ChessBase"]
[SourceDate "2020.03.31"]
[SourceVersion "1"]
[SourceVersionDate "2020.03.31"]
[SourceQuality "1"]

1. d4 Nc6 2. d5 Ne5 3. e4 e6 4. f4 Ng6 5. dxe6 fxe6 6. Nf3 Nf6 7. e5 Ng4 8. Nc3 Be7 9. Ne4 0-0 10. g3 b6 11. Bd3 Bb7 12. Qe2 Nh6 13. Bd2 d6 14. exd6 cxd6 15. 0-0-0 Qd7 16. Rhe1 Rae8 17. Bc3 Bd8 18. Nxd6 Qxd6 19. Bxg6 Qc6 20. Ne5 Qc8 21. Bxe8 Rxe8 22. Qc4 Bc7 23. Kb1 Nf5 24. Bb4 Bd5 25. Rxd5 exd5 26. Qxd5+ Qe6 27. Qxe6+ Rxe6 28. Bc3 b5 29. Rd1 Nd6 30. a3 a6 31. Bb4 Ne8 32. Rd5 Nf6 33. Rc5 Bxe5 34. fxe5 Ng4 35. Rc8+ Kf7 36. h3 Nxe5 37. Bc3 h5 38. Rc5 Nc4 39. Rxh5 Nd6 40. Re5 Rf6 41. Rg5 Rf1+ 42. Ka2 g6 43. Rd5 Ke6 44. Rg5 Kf7 45. Rc5 Ne4 46. Rc7+ Ke8 47. Rc6 Nxg3 48. Rxg6 1-0

[Event "Vojvodina-chT"]
[Site "Kovacica"]
[Date "2019.11.06"]
[Round "8.4"]
[White "Tancik, Kristijan"]
[Black "Zivkovic, Milan B"]
[Result "1-0"]
[WhiteElo "2260"]
[BlackElo "2046"]
[PlyCount "75"]
[EventDate "2019.11.01"]
[EventType "team-tourn"]
[EventRounds "11"]
[EventCountry "SRB"]
[SourceTitle "CBM 192 Extra"]
[Source "Chessbase"]
[SourceDate "2019.11.06"]
[SourceVersion "1"]
[SourceVersionDate "2019.11.06"]
[SourceQuality "1"]
[WhiteTeam "Sombor"]
[BlackTeam "Banatsko Novo Selo"]
[WhiteTeamCountry "SRB"]
[BlackTeamCountry "SRB"]

1. d4 Nf6 2. c4 e6 3. Nc3 d5 4. Nf3 Nc6 5. Bg5 Be7 6. e3 h6 7. Bh4 0-0 8. Be2 dxc4 9. Bxc4 Nd5 10. Bg3 Bd6 11. 0-0 Nce7 12. e4 Bxg3 13. hxg3 Nf6 14. Rc1 c6 15. e5 Nfd5 16. Ne4 Bd7 17. Qd2 Rb8 18. g4 Ng6 19. g5 h5 20. g3 Kh7 21. Kg2 Rh8 22. Rh1 Kg8 23. Rh2 b5 24. Bb3 a5 25. Rch1 a4 26. Bc2 b4 27. Bxa4 c5 28. Bxd7 Qxd7 29. Nxc5 Qa7 30. Rxh5 Rxh5 31. Rxh5 Rd8 32. Ne4 Qxa2 33. Nd6 Qa6 34. Nh4 Nge7 35. Kh2 b3 36. Qd1 Qa2 37. Qf3 Rf8 38. g6 1-0

[Event "Vojvodina-chT"]
[Site "Kovacica"]
[Date "2019.11.05"]
[Round "7.3"]
[White "Jovanovski, Slobodan"]
[Black "Tancik, Kristijan"]
[Result "0-1"]
[WhiteElo "2298"]
[BlackElo "2260"]
[PlyCount "28"]
[EventDate "2019.11.01"]
[EventType "team-tourn"]
[EventRounds "11"]
[EventCountry "SRB"]
[SourceTitle "CBM 192 Extra"]
[Source "Chessbase"]
[SourceDate "2019.11.06"]
[SourceVersion "1"]
[SourceVersionDate "2019.11.06"]
[SourceQuality "1"]
[WhiteTeam "Cosic Opovo Bata"]
[BlackTeam "Sombor"]
[WhiteTeamCountry "SRB"]
[BlackTeamCountry "SRB"]

1. d4 Nf6 2. Nf3 g6 3. c4 Bg7 4. Nc3 d5 5. Bg5 dxc4 6. e3 Be6 7. Ne5 Nd5 8. Nxc4 c5 9. Qd2 h6 10. Bh4 cxd4 11. exd4 Nc6 12. Bd3 Nxd4 13. Nxd5 Bxd5 14. Ne3 Bxg2 0-1

[Event "Novi Sad TS IM 111th"]
[Site "Novi Sad"]
[Date "2019.04.20"]
[Round "1"]
[White "Tancik, Kristijan"]
[Black "Arjun, C Krishnamachari"]
[Result "1-0"]
[WhiteElo "2208"]
[BlackElo "2209"]
[PlyCount "111"]
[EventDate "2019.04.20"]
[EventType "tourn"]
[EventRounds "11"]
[EventCountry "SRB"]
[EventCategory "1"]
[SourceTitle "CBM 190 Extra"]
[Source "ChessBase"]
[SourceDate "2019.07.15"]
[SourceVersion "1"]
[SourceVersionDate "2019.07.15"]
[SourceQuality "1"]

1. d4 Nf6 2. c4 e6 3. Nc3 Bb4 4. Qc2 c5 5. dxc5 Na6 6. a3 Bxc5 7. b4 Be7 8. Bg5 Qc7 9. e3 d5 10. Nf3 Bd7 11. Bf4 Bd6 12. Bxd6 Qxd6 13. c5 Qe7 14. Ne5 Nc7 15. Bd3 0-0 16. 0-0 h6 17. Ne2 Bb5 18. Bxb5 Nxb5 19. a4 Nc7 20. Nd4 a5 21. b5 Rfc8 22. Rfc1 Nce8 23. c6 b6 24. Ndf3 Nd6 25. Qb2 Nde4 26. Qa3 Qxa3 27. Rxa3 Nc5 28. Rxc5 bxc5 29. b6 Rab8 30. b7 Rc7 31. Rb3 Kf8 32. Rb5 Ng4 33. Nd7+ Rxd7 34. cxd7 Ke7 35. h3 Nf6 36. Ne5 Nxd7 37. Nc6+ Kd6 38. Nxb8 Nxb8 39. Rxa5 c4 40. Kf1 e5 41. Ke2 d4 42. exd4 exd4 43. Rb5 Kc6 44. g4 f6 45. Kf3 c3 46. Ke2 Kc7 47. Kd3 Nc6 48. b8Q+ Nxb8 49. Kxd4 c2 50. Rc5+ Kb6 51. Rxc2 Nc6+ 52. Rxc6+ Kxc6 53. Ke4 g6 54. a5 Kb5 55. Kd5 h5 56. gxh5 1-0

[Event "Subotica City-ch"]
[Site "Subotica"]
[Date "2019.02.27"]
[Round "2"]
[White "Farkas, Sandor I"]
[Black "Tancik, Kristijan"]
[Result "0-1"]
[WhiteElo "2003"]
[BlackElo "2233"]
[PlyCount "96"]
[EventDate "2019.02.25"]
[EventType "swiss"]
[EventRounds "9"]
[EventCountry "SRB"]
[SourceTitle "CBM 189 Extra"]
[Source "ChessBase"]
[SourceDate "2019.06.03"]
[SourceVersion "1"]
[SourceVersionDate "2019.06.03"]
[SourceQuality "1"]

1. d4 Nf6 2. Bf4 c5 3. d5 d6 4. Nc3 e5 5. dxe6 Bxe6 6. e4 Nc6 7. Nf3 d5 8. exd5 Nxd5 9. Nxd5 Qxd5 10. Qxd5 Bxd5 11. 0-0-0 0-0-0 12. c4 Bxf3 13. Rxd8+ Kxd8 14. gxf3 Nd4 15. Be3 Bd6 16. f4 f5 17. Bg2 Kc7 18. Rd1 Re8 19. Bxd4 cxd4 20. Rxd4 Re2 21. c5 Bxc5 22. Rc4 Kd6 23. Bxb7 Rxf2 24. Bc8 Rxf4 25. Rxf4 Be3+ 26. Kc2 Bxf4 27. Bxf5 g6 28. Be4 Bxh2 29. b4 Ke5 30. Kd3 Kf6 31. a4 Bd6 32. Kc4 h5 33. Bf3 Ke5 34. a5 Kf4 35. Bc6 g5 36. b5 Bc7 37. b6 axb6 38. a6 Bb8 39. Bb5 Ke5 40. Be8 h4 41. Kd3 Kf4 42. Ke2 Kg3 43. Kf1 g4 44. Kg1 h3 45. Bc6 Kh4 46. Kh1 g3 47. Bb5 g2+ 48. Kg1 Kg3 0-1

[Event "Novi Sad TS IM 90th"]
[Site "Novi Sad"]
[Date "2018.11.24"]
[Round "10"]
[White "Hart, Alexander E"]
[Black "Tancik, Kristijan"]
[Result "0-1"]
[WhiteElo "1917"]
[BlackElo "2223"]
[PlyCount "68"]
[EventDate "2018.11.19"]
[EventType "tourn"]
[EventRounds "11"]
[EventCountry "SRB"]
[SourceTitle "CBM 187 Extra"]
[Source "ChessBase"]
[SourceDate "2018.11.04"]
[SourceVersion "1"]
[SourceVersionDate "2018.11.04"]
[SourceQuality "1"]

1. Nf3 d5 2. d4 Nf6 3. c4 e6 4. g3 dxc4 5. Qa4+ Nbd7 6. Bg2 a6 7. Qxc4 b5 8. Qc2 Bb7 9. Bf4 c5 10. 0-0 Rc8 11. Nbd2 cxd4 12. Qd1 Be7 13. Nb3 Bxf3 14. Bxf3 e5 15. Bd2 Qb6 16. Ba5 Qb8 17. Qd3 Nc5 18. Nxc5 Bxc5 19. Rac1 0-0 20. Qf5 Be7 21. Rc6 Rxc6 22. Bxc6 Rc8 23. Rc1 g6 24. Qc2 Qd6 25. a3 Nd5 26. f4 exf4 27. Bb4 Nxb4 28. axb4 fxg3 29. Qe4 gxh2+ 30. Kh1 Qe6 31. Qg2 Bxb4 32. Rc2 Bd6 33. Bd5 Rxc2 34. Bxe6 Rc1+ 0-1

[Event "Novi Sad TS IM 90th"]
[Site "Novi Sad"]
[Date "2018.11.22"]
[Round "6"]
[White "Tancik, Kristijan"]
[Black "Marjanovic, Annamaria"]
[Result "0-1"]
[WhiteElo "2223"]
[BlackElo "2326"]
[PlyCount "120"]
[EventDate "2018.11.19"]
[EventType "tourn"]
[EventRounds "11"]
[EventCountry "SRB"]
[SourceTitle "CBM 187 Extra"]
[Source "ChessBase"]
[SourceDate "2018.11.04"]
[SourceVersion "1"]
[SourceVersionDate "2018.11.04"]
[SourceQuality "1"]

1. d4 Nf6 2. c4 e6 3. Nf3 Bb4+ 4. Nbd2 d6 5. a3 Bxd2+ 6. Qxd2 Nbd7 7. b4 a5 8. Bb2 axb4 9. axb4 Rxa1+ 10. Bxa1 b5 11. e3 Bb7 12. Qa2 0-0 13. Be2 bxc4 14. Qxc4 Nb6 15. Qc3 Ne4 16. Qb2 Nd5 17. 0-0 Qd7 18. Rc1 Rb8 19. Nd2 Nxd2 20. Qxd2 Bc6 21. e4 Ne7 22. d5 exd5 23. Qg5 d4 24. Bxd4 Ng6 25. Bg4 Qe8 26. Bf5 Rxb4 27. Qd2 Rb8 28. Qc3 Nf4 29. Qf3 Ne6 30. Ba1 Bd7 31. Qc3 f6 32. h4 Nc5 33. Bxd7 Qxd7 34. Re1 Qg4 35. Qc4+ Qe6 36. Qc3 Qb3 37. Qa5 Qb4 38. Bc3 Qxa5 39. Bxa5 Rb7 40. f3 Kf7 41. Bc3 Rb3 42. Ba5 Ne6 43. Rc1 c5 44. Rc2 Nd4 45. Ra2 Ke6 46. Be1 Rb1 47. Kf2 Rb7 48. Bc3 Nb5 49. Rb2 Kd7 50. h5 h6 51. Bd2 Kc6 52. Be3 Ra7 53. Rc2 Ra3 54. Ke2 Ra1 55. f4 Na3 56. Rc3 Ra2+ 57. Kf3 Nb5 58. Rc1 Ra3 59. e5 fxe5 60. fxe5 Nd4+ 0-1

[Event "Novi Sad TS IM 90th"]
[Site "Novi Sad"]
[Date "2018.11.20"]
[Round "3"]
[White "Sredojevic, Ivan"]
[Black "Tancik, Kristijan"]
[Result "0-1"]
[WhiteElo "2289"]
[BlackElo "2223"]
[PlyCount "100"]
[EventDate "2018.11.19"]
[EventType "tourn"]
[EventRounds "11"]
[EventCountry "SRB"]
[SourceTitle "CBM 187 Extra"]
[Source "ChessBase"]
[SourceDate "2018.11.04"]
[SourceVersion "1"]
[SourceVersionDate "2018.11.04"]
[SourceQuality "1"]

1. Nf3 g6 2. e4 c5 3. d4 cxd4 4. Nxd4 Bg7 5. c4 Nc6 6. Be3 Nf6 7. Nc3 0-0 8. Be2 d6 9. 0-0 Bd7 10. Qd2 Nxd4 11. Bxd4 Bc6 12. f3 Nd7 13. Be3 a5 14. b3 Nc5 15. Rac1 e6 16. Rfd1 Be5 17. Bd4 Qe7 18. f4 Bxf4 19. Qxf4 e5 20. Bxe5 dxe5 21. Qe3 Ne6 22. Nd5 Qc5 23. Qxc5 Nxc5 24. Ne7+ Kg7 25. Nxc6 bxc6 26. Rd6 Ra6 27. Bf3 Ne6 28. Rcd1 Nd4 29. R1xd4 exd4 30. Rxd4 c5 31. Rd7 a4 32. Rb7 Kf6 33. Kf2 Rd8 34. e5+ Kxe5 35. Rxf7 Rd2+ 36. Ke3 Rxa2 37. bxa4 R6xa4 38. Re7+ Kf6 39. Rxh7 Rxc4 40. h4 Ra3+ 41. Kd2 Rb4 42. Rc7 Rb2+ 43. Kc1 Rf2 44. Kb1 Rb3+ 45. Kc1 Re3 46. Kd1 Ra3 47. Rc6+ Kg7 48. Rc7+ Kh6 49. Rxc5 Ra1+ 50. Rc1 Rf1+ 0-1

[Event "Novi Sad TS IM 90th"]
[Site "Novi Sad"]
[Date "2018.11.20"]
[Round "2"]
[White "Tancik, Kristijan"]
[Black "Mikheev, Stanislav Valerievi"]
[Result "1/2-1/2"]
[WhiteElo "2223"]
[BlackElo "2307"]
[PlyCount "25"]
[EventDate "2018.11.19"]
[EventType "tourn"]
[EventRounds "11"]
[EventCountry "SRB"]
[SourceTitle "CBM 187 Extra"]
[Source "ChessBase"]
[SourceDate "2018.11.04"]
[SourceVersion "1"]
[SourceVersionDate "2018.11.04"]
[SourceQuality "1"]

1. d4 Nf6 2. c4 e6 3. Nf3 d5 4. g3 Be7 5. Bg2 0-0 6. 0-0 dxc4 7. Qc2 a6 8. Qxc4 b5 9. Qc2 Bb7 10. Bd2 Be4 11. Qc1 Bb7 12. Qc2 Be4 13. Qc1 1/2-1/2

[Event "Vojvodina-chT 2nd League"]
[Site "Novi Sad"]
[Date "2018.11.11"]
[Round "3.5"]
[White "Adamovic, Sasa"]
[Black "Tancik, Kristijan"]
[Result "0-1"]
[WhiteElo "1904"]
[BlackElo "2223"]
[PlyCount "102"]
[EventDate "2018.11.09"]
[EventType "team-tourn"]
[EventRounds "11"]
[EventCountry "SRB"]
[SourceTitle "CBM 187 Extra"]
[Source "ChessBase"]
[SourceDate "2018.11.04"]
[SourceVersion "1"]
[SourceVersionDate "2018.11.04"]
[SourceQuality "1"]
[WhiteTeam "Srpska Crnja Buducnost"]
[BlackTeam "Sombor"]
[WhiteTeamCountry "SRB"]
[BlackTeamCountry "SRB"]

1. e4 c5 2. Nf3 g6 3. d4 cxd4 4. Qxd4 Nf6 5. Nc3 Nc6 6. Qd1 d6 7. Be2 Bg7 8. 0-0 0-0 9. Bg5 Be6 10. Qd2 Rc8 11. Rad1 Na5 12. Nd4 Bc4 13. Rfe1 Bxe2 14. Qxe2 Nc4 15. Bc1 Qa5 16. Nb3 Qc7 17. Nb5 Qb6 18. N5d4 a5 19. c3 a4 20. Na1 Nd7 21. b3 axb3 22. axb3 Nce5 23. Be3 Qa5 24. c4 Nc6 25. Nac2 Nxd4 26. Bxd4 Bxd4 27. Rxd4 Qa2 28. b4 Ne5 29. Ra1 Qb2 30. h3 Nc6 31. Rdd1 Nxb4 32. Rac1 b5 33. Rb1 Qxc2 34. Qxc2 Nxc2 35. cxb5 Rc5 36. b6 Rb8 37. Rb3 Kg7 38. b7 Rc6 39. f4 e5 40. fxe5 dxe5 41. Rd7 Nd4 42. Rb2 Rc2 43. Rb1 Rc1+ 44. Rxc1 Ne2+ 45. Kf2 Nxc1 46. Ke3 Nb3 47. Rc7 Nd4 48. g4 Ne6 49. Rd7 Kf8 50. Rd5 Rxb7 51. Rxe5 Rb3+ 0-1

[Event "Vojvodina-chT 2nd League"]
[Site "Novi Sad"]
[Date "2018.11.09"]
[Round "1.3"]
[White "Ratkovic, Milovan"]
[Black "Tancik, Kristijan"]
[Result "1-0"]
[WhiteElo "2411"]
[BlackElo "2223"]
[PlyCount "63"]
[EventDate "2018.11.09"]
[EventType "team-tourn"]
[EventRounds "11"]
[EventCountry "SRB"]
[SourceTitle "CBM 187 Extra"]
[Source "ChessBase"]
[SourceDate "2018.11.04"]
[SourceVersion "1"]
[SourceVersionDate "2018.11.04"]
[SourceQuality "1"]
[WhiteTeam "Elemir Naftagas"]
[BlackTeam "Sombor"]
[WhiteTeamCountry "SRB"]
[BlackTeamCountry "SRB"]

1. d4 d5 2. c4 e6 3. Nc3 Nf6 4. Nf3 Be7 5. Bf4 0-0 6. e3 c5 7. dxc5 Bxc5 8. Qc2 Nc6 9. a3 Qa5 10. 0-0-0 Ne4 11. Nb5 a6 12. Nc7 e5 13. Rxd5 exf4 14. Qxe4 Qxc7 15. Rxc5 fxe3 16. fxe3 f5 17. Qd5+ Kh8 18. Ne5 Qe7 19. Be2 Re8 20. Rd1 Be6 21. Nxc6 bxc6 22. Qd6 Qg5 23. Qg3 Qf6 24. Rxc6 Rab8 25. Rd4 h6 26. Bh5 Rec8 27. Rxc8+ Rxc8 28. Be2 Qf7 29. Qf4 a5 30. g4 Rc5 31. gxf5 Bxf5 32. e4 1-0